[Event "Tournoi Skype 016A"]
[Site "Skype"]
[Date "????.??.??"]
[Round "6.25"]
[White "Fouquereau, Andre"]
[Black "Meaney, Mike"]
[Result "0-1"]
[WhiteElo "1590"]
[BlackElo "1491"]
[PlyCount "60"]

1. e4 e6 2. Nf3 Be7 3. c3 b6 4. d4 d5 5. e5 f6 6. Bd3 f5 7. Be3 h6 8. Nbd2 Nd7
9. Qc2 Bb7 10. Nf1 Nf8 11. Ng3 g6 12. h3 Nh7 13. h4 h5 14. Qd2 Nf8 15. Bg5 Nh7
16. Bxe7 Qxe7 17. Ng5 Nh6 18. f3 Nf7 19. O-O-O Nhxg5 20. hxg5 Rc8 21. f4 c5 22.
Bb5+ Kf8 23. Ne2 c4 24. Ba4 Bc6 25. Bc2 Bb5 26. g4 fxg4 27. Rh4 a5 28. Rdh1 a4
29. a3 Be8 30. Rxh5 gxh5 0-1

[Event "Tournoi Skype 016A"]
[Site "Skype"]
[Date "????.??.??"]
[Round "6.26"]
[White "Vello, Pablo"]
[Black "Holtz, Steve"]
[Result "0-1"]
[WhiteElo "1464"]
[BlackElo "1545"]
[PlyCount "62"]

1. d4 Nf6 2. c4 c6 3. Nc3 d5 4. a4 Bf5 5. Bf4 Na6 6. e3 Nb4 7. Nf3 Nc2+ 8. Kd2
Nxa1 9. Qxa1 e6 10. cxd5 exd5 11. Bd3 Be6 12. e4 Qa5 13. Kc2 dxe4 14. Nxe4 Nxe4
15. Bxe4 Bb4 16. Ng5 Bc4 17. b3 Ba6 18. Nxh7 Qh5 19. Ng5 Qe2+ 20. Kc1 Qxf2 21.
g3 Rxh2 22. Rxh2 Qxh2 23. Bc2 Qh1+ 24. Bd1 Be2 25. Kc2 Qg2 26. Bxe2 Qxe2+ 27.
Kb1 Rd8 28. Qb2 Qxb2+ 29. Kxb2 Rxd4 30. Nf3 Rd3 31. Nh4 f6 0-1

[Event "Tournoi Skype 016A"]
[Site "Skype"]
[Date "????.??.??"]
[Round "6.27"]
[White "Prasad Singh, Ambika"]
[Black "Kruzeniski, Randy"]
[Result "1-0"]
[WhiteElo "1579"]
[BlackElo "1549"]
[PlyCount "49"]

1. e4 c5 2. Nf3 d6 3. d4 cxd4 4. Nxd4 a6 5. Nc3 Nf6 6. Be2 e6 7. Be3 Be7 8. Qd2
Ng4 9. Bxg4 O-O 10. O-O-O Bd7 11. Kb1 b5 12. f3 b4 13. Nce2 a5 14. Nc1 Na6 15.
Qf2 Qc7 16. h4 Rfc8 17. Rd2 a4 18. Bh3 a3 19. Nde2 axb2 20. Kxb2 Bf6+ 21. Bd4
e5 22. Be3 Ba4 23. Bxc8 Rxc8 24. Nb3 d5 25. exd5 1-0

[Event "Tournoi Skype 016A"]
[Site "Skype"]
[Date "????.??.??"]
[Round "7.1"]
[White "Deniz, Ugur"]
[Black "Ayotte, Jocelyn"]
[Result "0-1"]
[WhiteElo "1918"]
[BlackElo "2107"]
[PlyCount "42"]

1. d4 d5 2. Nf3 Nf6 3. c4 c6 4. Qc2 e6 5. g3 Bd6 6. Bg2 O-O 7. O-O Nbd7 8. b3
Qe7 9. Bb2 e5 10. cxd5 cxd5 11. Nxe5 Nxe5 12. dxe5 Bxe5 13. Nc3 Be6 14. Rfd1
Rac8 15. Qd2 Rfd8 16. Rac1 Qb4 17. f4 Bc7 18. f5 Bb6+ 19. e3 Ng4 20. fxe6 Bxe3+
21. Kf1 Bxd2 0-1

[Event "Tournoi Skype 016A"]
[Site "Skype"]
[Date "????.??.??"]
[Round "7.3"]
[White "Sojka, Bernard"]
[Black "Patra Kumar, Subhendu"]
[Result "0-1"]
[WhiteElo "1968"]
[BlackElo "1887"]
[PlyCount "80"]

1. e3 e5 2. e4 Nf6 3. Nc3 Bb4 4. a3 Ba5 5. Nf3 d5 6. exd5 e4 7. Ne5 O-O 8. b4
Bb6 9. d4 exd3 10. Qxd3 Re8 11. f4 Nbd7 12. Be2 Nxe5 13. fxe5 Rxe5 14. Bf4 Bf5
15. Qc4 Re8 16. O-O-O a5 17. Bf3 axb4 18. Qxb4 Ba5 19. Qb3 Bxc3 20. Qxc3 Ne4
21. Bxe4 Rxe4 22. Rhf1 Qe7 23. d6 cxd6 24. Bxd6 Qg5+ 25. Kb2 Rc8 26. Qd2 Qf6+
27. c3 Rce8 28. Rf2 Qe6 29. Qd5 Re2+ 30. Rxe2 Qxe2+ 31. Rd2 Qe1 32. a4 Qb1+ 33.
Ka3 Be6 34. Qb5 Qa1+ 35. Kb4 Ra8 36. Bc7 Qb1+ 37. Kc5 Qg1+ 38. Kb4 h6 39. Rd8+
Rxd8 40. Bxd8 Qxh2 0-1

[Event "Tournoi Skype 016A"]
[Site "Skype"]
[Date "????.??.??"]
[Round "7.4"]
[White "Lambert, Pierre"]
[Black "Megelas, Florent"]
[Result "0-1"]
[WhiteElo "1830"]
[BlackElo "1704"]
[PlyCount "80"]

1. e4 e5 2. Nf3 Nc6 3. Bc4 Bc5 4. O-O d6 5. h3 h6 6. c3 Nf6 7. Re1 Be6 8. Qe2
O-O 9. b4 Bb6 10. Bb2 Bxc4 11. Qxc4 Re8 12. d3 a5 13. b5 Ne7 14. d4 exd4 15.
cxd4 d5 16. exd5 Qxd5 17. Nbd2 Qxc4 18. Nxc4 Ned5 19. Re5 Rxe5 20. Nfxe5 Re8
21. Rc1 Nf4 22. Kf1 N6d5 23. Ne3 Nxe3+ 24. fxe3 Nd5 25. Kf2 f6 26. Nc4 Nb4 27.
Ke2 Nxa2 28. Rb1 Kf7 29. Kd2 Nb4 30. Nxb6 cxb6 31. Re1 Nd5 32. g3 Nc7 33. Rb1
Nxb5 34. Bc1 Nd6 35. Kd3 b5 36. Bd2 b6 37. Be1 b4 38. g4 b5 39. Ra1 Nc4 40. Rb1
Rxe3+ 0-1

[Event "Tournoi Skype 016A"]
[Site "Skype"]
[Date "????.??.??"]
[Round "7.5"]
[White "Hervais, Adrien"]
[Black "Rico Hernandez, Edgar"]
[Result "1-0"]
[WhiteElo "1999"]
[BlackElo "1872"]
[PlyCount "61"]

1. e4 c6 2. Nc3 d5 3. Nf3 Nf6 4. e5 Nfd7 5. d4 e6 6. Ne2 c5 7. c3 Nc6 8. Ng3
Qb6 9. a3 a6 10. b4 cxd4 11. cxd4 Qd8 12. Bd3 Be7 13. h4 b5 14. Qc2 Qb6 15. Be3
h6 16. Nh5 Bf8 17. Nf4 Bb7 18. Bg6 Ne7 19. Bd3 Rc8 20. Qd2 Qd8 21. Qe2 Nb6 22.
Nd2 Nc4 23. Qg4 Qd7 24. Nh5 Rg8 25. Bxh6 Qc7 26. Nxc4 dxc4 27. Bh7 gxh6 28.
Nf6+ Kd8 29. Bxg8 Ng6 30. O-O Bg7 31. h5 1-0

[Event "Tournoi Skype 016A"]
[Site "Skype"]
[Date "????.??.??"]
[Round "7.6"]
[White "Dal, Ibrahim"]
[Black "Deville, Olivier"]
[Result "1-0"]
[WhiteElo "1704"]
[BlackElo "1945"]
[PlyCount "87"]

1. d4 Nf6 2. Nf3 e6 3. c4 Bb4+ 4. Bd2 Qe7 5. g3 O-O 6. Bg2 Bxd2+ 7. Nbxd2 d6 8.
O-O Nc6 9. Re1 e5 10. e3 h6 11. h3 Bf5 12. g4 Bh7 13. a3 a5 14. dxe5 dxe5 15.
g5 hxg5 16. Nxg5 Bf5 17. Qf3 Bg6 18. Nde4 Nh5 19. h4 f5 20. Nc3 e4 21. Qe2 Nf6
22. f4 Rad8 23. Nd5 Nxd5 24. cxd5 Rxd5 25. Qc4 Bf7 26. Nxf7 Qxf7 27. Qb3 Rd2
28. Qc3 Rfd8 29. Rac1 Qg6 30. Re2 Rd1+ 31. Rxd1 Rxd1+ 32. Kh2 Kh7 33. Re1 Rd3
34. Qc1 Qg4 35. Rh1 Qe2 36. Qc5 Rd2 37. Qxf5+ Kg8 38. Qc8+ Nd8 39. Rg1 Qxe3 40.
Qxc7 Qf2 41. Qe7 Qxf4+ 42. Kh1 Qg4 43. Qe8+ Kh7 44. Bxe4+ 1-0

[Event "Tournoi Skype 016A"]
[Site "Skype"]
[Date "????.??.??"]
[Round "7.7"]
[White "Altinok, Kerim"]
[Black "Jacquelin, Norbert"]
[Result "1/2-1/2"]
[WhiteElo "1817"]
[BlackElo "1924"]
[PlyCount "127"]

1. d4 d5 2. Nf3 e6 3. c4 Nf6 4. Nc3 Nc6 5. Bg5 Be7 6. e3 a6 7. Rc1 h6 8. Bh4
O-O 9. a3 Nh7 10. Bg3 Nf6 11. Ne5 Nxe5 12. dxe5 Ne4 13. Nxe4 dxe4 14. Qc2 Bd7
15. Qxe4 Bc6 16. Qd4 Qe8 17. e4 Rd8 18. Qe3 Qd7 19. Be2 Bc5 20. Qc3 Bxe4 21.
O-O Bd4 22. Qb3 c5 23. Bf3 Qc6 24. Rfe1 Bxf3 25. gxf3 Rd7 26. Re4 f5 27. exf6
gxf6 28. Rg4+ Rg7 29. Bf4 f5 30. Rxg7+ Kxg7 31. Re1 Kh7 32. Be5 Rg8+ 33. Kf1
Rd8 34. Qd3 Rd7 35. Rd1 Kg8 36. b4 b6 37. Qe2 Kf7 38. Rd3 Ke8 39. h4 h5 40. Ke1
Kf7 41. f4 Qe4 42. Qxe4 fxe4 43. Rd2 Ke8 44. Ke2 Kf7 45. bxc5 bxc5 46. Rd1 Ke8
47. Rb1 Kf7 48. Rb6 Bxe5 49. fxe5 Rd4 50. Rxa6 Rxc4 51. Rc6 Ra4 52. Rxc5 Rxa3
53. Rc4 Kg6 54. Rxe4 Kf5 55. f3 Ra5 56. Ke3 Rxe5 57. Rxe5+ Kxe5 58. f4+ Kd5 59.
Kd3 e5 60. fxe5 Kxe5 61. Ke3 Kf5 62. Kf3 Ke5 63. Ke3 Kf5 64. Kf3 1/2-1/2

[Event "Tournoi Skype 016A"]
[Site "Skype"]
[Date "????.??.??"]
[Round "7.8"]
[White "Segura Lozano, Marcos Antonio"]
[Black "Plourde, Alain"]
[Result "0-1"]
[WhiteElo "1807"]
[BlackElo "1886"]
[PlyCount "72"]

1. e4 e6 2. d4 d5 3. exd5 exd5 4. Bd3 Bd6 5. Nf3 Ne7 6. Bg5 f6 7. Bh4 Bf5 8. c3
O-O 9. Qc2 Bxd3 10. Qxd3 Ng6 11. O-O Nc6 12. Nbd2 Qd7 13. Rfe1 Nf4 14. Qc2 Rfe8
15. Nf1 a6 16. Ne3 Re4 17. Nd2 Nh3+ 18. gxh3 Rxh4 19. Nf5 Rxh3 20. Nf1 Rh5 21.
Nxd6 Qxd6 22. Re3 Rf8 23. Rae1 Rg5+ 24. Kh1 Qd7 25. Re6 Qf7 26. f4 Rh5 27. Ng3
Rh4 28. Qf2 Ne5 29. Nf5 Qxe6 30. Nxh4 Nd3 31. Rxe6 Nxf2+ 32. Kg2 Kf7 33. Re2
Ne4 34. Nf5 Re8 35. Ne3 Nd6 36. Nxd5 Rxe2+ 0-1

[Event "Tournoi Skype 016A"]
[Site "Skype"]
[Date "????.??.??"]
[Round "7.9"]
[White "Karia, Vijay"]
[Black "Engstrom, Olle"]
[Result "0-1"]
[WhiteElo "1687"]
[BlackElo "1654"]
[PlyCount "76"]

1. e4 c5 2. Nc3 Nc6 3. f4 g6 4. Nf3 Bg7 5. Bb5 Nd4 6. O-O a6 7. Bd3 b5 8. b3 e6
9. e5 Bb7 10. Be4 Qc7 11. Bxb7 Qxb7 12. Ne4 Qxe4 13. d3 Nxf3+ 14. Rxf3 Qd4+ 15.
Be3 Qd5 16. Rc1 Ne7 17. c4 bxc4 18. Rxc4 Rc8 19. Qc2 Nf5 20. Bxc5 d6 21. exd6
Bd4+ 22. Bxd4 Rxc4 23. Qxc4 Qxd4+ 24. Rf2 Qa1+ 25. Rf1 Qxf1+ 26. Kxf1 Ne3+ 27.
Ke2 Nxc4 28. dxc4 a5 29. Kd3 Kd7 30. c5 Kc6 31. Kc4 f6 32. a3 e5 33. fxe5 fxe5
34. b4 axb4 35. axb4 Rb8 36. g3 e4 37. b5+ Rxb5 38. d7 Rb8 0-1

[Event "Tournoi Skype 016A"]
[Site "Skype"]
[Date "????.??.??"]
[Round "7.10"]
[White "Yeter, Orhan"]
[Black "Thoune, Jim"]
[Result "1-0"]
[WhiteElo "1505"]
[BlackElo "1499"]
[PlyCount "41"]

1. e4 e6 2. d4 d5 3. Nc3 Bb4 4. e5 Ne7 5. Nf3 c5 6. a3 Bxc3+ 7. bxc3 Nbc6 8.
dxc5 Qc7 9. Bf4 O-O 10. Bd3 Ng6 11. Bxg6 hxg6 12. h4 Ne7 13. h5 gxh5 14. Rxh5
Ng6 15. Be3 Bd7 16. Qd3 Be8 17. Kd2 d4 18. Bxd4 Rd8 19. Rah1 Qd7 20. Rh8+ Nxh8
21. Qh7# 1-0

[Event "Tournoi Skype 016A"]
[Site "Skype"]
[Date "????.??.??"]
[Round "7.12"]
[White "Trivedi, Viral"]
[Black "Brun, Jacques"]
[Result "0-1"]
[WhiteElo "1587"]
[BlackElo "1804"]
[PlyCount "128"]

1. e4 c5 2. c3 Nc6 3. Nf3 g6 4. d4 cxd4 5. cxd4 d5 6. exd5 Qxd5 7. Nc3 Qa5 8.
Bf4 Bg7 9. Bb5 Bd7 10. O-O a6 11. Bc4 b5 12. Bb3 b4 13. Nd5 Rc8 14. Re1 Be6 15.
Nc7+ Rxc7 16. Bxc7 Qxc7 17. d5 Bxd5 18. Qxd5 e6 19. Ba4 Nge7 20. Bxc6+ Qxc6 21.
Qb3 a5 22. Rac1 Qb5 23. a4 Qb6 24. Ne5 Bxe5 25. Rxe5 O-O 26. Rb5 Qa6 27. Rcc5
Nc6 28. Qf3 Rd8 29. Rxc6 Qxc6 30. h3 Qxf3 31. gxf3 Rd2 32. Rxa5 Rxb2 33. Rb5 b3
34. a5 Ra2 35. Rxb3 Rxa5 36. Kg2 h5 37. f4 Ra4 38. Kf3 Kg7 39. h4 Ra1 40. Kg2
Kf6 41. Rb4 Kf5 42. Kg3 Rg1+ 43. Kf3 Rg4 44. Rb7 Kf6 45. Rb5 Rxh4 46. Rg5 Rh1
47. Rg2 Re1 48. Kg3 e5 49. fxe5+ Rxe5 50. f3 Rg5+ 51. Kf2 Rxg2+ 52. Kxg2 g5 53.
Kg3 Kf5 54. Kh3 Kf4 55. Kg2 f5 56. Kf2 h4 57. Kg2 Ke3 58. Kh3 Kxf3 59. Kh2 Ke2
60. Kg2 f4 61. Kh2 f3 62. Kg1 f2+ 63. Kh2 g4 64. Kg2 g3 0-1

[Event "Tournoi Skype 016A"]
[Site "Skype"]
[Date "????.??.??"]
[Round "7.14"]
[White "Aranzubia, Desiderio"]
[Black "Legueltel, Daniel"]
[Result "0-1"]
[WhiteElo "1491"]
[BlackElo "1757"]
[PlyCount "66"]

1. d4 d5 2. c4 c6 3. Nc3 e6 4. cxd5 exd5 5. Nf3 Nf6 6. a3 Bd6 7. h3 Bf5 8. b4
O-O 9. b5 cxb5 10. e3 a6 11. Bd3 Bxd3 12. Qxd3 Nbd7 13. O-O Re8 14. Qb1 Rc8 15.
Bd2 Nb6 16. a4 Nc4 17. axb5 Nxd2 18. Nxd2 Rxc3 19. bxa6 bxa6 20. Rxa6 Qc7 21.
Qa1 Rc8 22. Ra7 Qd8 23. Rb1 h6 24. Nb3 Ne4 25. Rc1 Rxc1+ 26. Nxc1 Bb8 27. Ra8
Qc7 28. Nd3 Qh2+ 29. Kf1 Qh1+ 30. Ke2 Rc2+ 31. Kf3 Ng5+ 32. Kg4 Qxg2+ 33. Kh5
Qxh3# 0-1

[Event "Tournoi Skype 016A"]
[Site "Skype"]
[Date "????.??.??"]
[Round "7.15"]
[White "Casey, Eamonn"]
[Black "Grib, Johannes"]
[Result "1/2-1/2"]
[WhiteElo "1753"]
[BlackElo "1472"]
[PlyCount "89"]

1. d4 Nf6 2. c4 d5 3. Nc3 c6 4. cxd5 cxd5 5. Nf3 Nc6 6. h3 a6 7. Bf4 Qb6 8. b3
Qb4 9. Qd2 Ne4 10. Nxe4 dxe4 11. Ng5 Qxd2+ 12. Kxd2 Bf5 13. g4 Bg6 14. h4 h5
15. gxh5 Rxh5 16. e3 f6 17. Ne6 Kf7 18. Bc4 Bf5 19. Nc7+ e6 20. Nxa8 Bb4+ 21.
Kc2 g5 22. Be2 g4 23. Nb6 Ba5 24. Nc4 Nb4+ 25. Kb2 Bd8 26. Nd6+ Kg6 27. Nxb7
Bb6 28. Nc5 Bxc5 29. dxc5 e5 30. Bg3 Nd3+ 31. Bxd3 exd3 32. Kc3 Be4 33. Rhd1
Bc6 34. Rxd3 e4 35. Rd5 Rxd5 36. Kc4 Rd2 37. b4 Bb5+ 38. Kc3 Rd3+ 39. Kb2 Ba4
40. a3 Rd2+ 41. Kc3 Rd3+ 42. Kb2 Rd2+ 43. Kc1 Rd1+ 44. Kb2 Rd2+ 45. Kc1 1/2-1/2

[Event "Tournoi Skype 016A"]
[Site "Skype"]
[Date "????.??.??"]
[Round "7.16"]
[White "Mulrooney, Justin"]
[Black "Coruble, Didier"]
[Result "1-0"]
[WhiteElo "1705"]
[BlackElo "1406"]
[PlyCount "61"]

1. d4 e6 2. c4 b6 3. Nf3 h6 4. e4 d6 5. Nc3 Bb7 6. Bd3 c6 7. O-O Be7 8. e5 Qc7
9. Bf4 g5 10. Bg3 d5 11. Rc1 h5 12. cxd5 cxd5 13. Nxd5 Qxc1 14. Qxc1 Bxd5 15.
Qc8+ Bd8 16. Bb5+ Kf8 17. Qxd8+ Kg7 18. Qxg5+ Kf8 19. Bh4 Nc6 20. Bxc6 Bxc6 21.
Nd2 Bd5 22. a3 a5 23. f4 Rc8 24. f5 Rc2 25. f6 Rh6 26. Qg7+ Ke8 27. Qxg8+ Kd7
28. Qxf7+ Kc6 29. Qe8+ Kb7 30. Bg5 Rg6 31. Qxg6 1-0

[Event "Tournoi Skype 016A"]
[Site "Skype"]
[Date "????.??.??"]
[Round "7.17"]
[White "Perez Fermin, Jose"]
[Black "Yardimci, Ertan"]
[Result "0-1"]
[WhiteElo "1639"]
[BlackElo "1494"]
[PlyCount "88"]

1. e4 e5 2. Nf3 Nc6 3. Bc4 Nf6 4. Nc3 Be7 5. d4 d6 6. h3 O-O 7. O-O a6 8. a3 b5
9. Ba2 Bb7 10. Nd5 Re8 11. Re1 h6 12. c3 Bf8 13. Qc2 Nb8 14. Nxf6+ Qxf6 15.
dxe5 dxe5 16. Bd2 Nd7 17. b4 Bd6 18. c4 c5 19. cxb5 axb5 20. Bc3 Rac8 21. Qb2
Qe7 22. bxc5 Nxc5 23. Qxb5 Nxe4 24. Bxe5 Bxa3 25. Bxf7+ Kxf7 26. Qb3+ Kf8 27.
Qxa3 Qxa3 28. Rxa3 Nf6 29. Bd6+ Kg8 30. Rae3 Rxe3 31. Rxe3 Rc1+ 32. Re1 Rc2 33.
Nd4 Rd2 34. Be5 Ne4 35. Re2 Rd1+ 36. Kh2 Nd2 37. h4 Nc4 38. Nf5 Nxe5 39. Rxe5
Rd7 40. Kg3 Kf7 41. Rc5 Kf6 42. Nxg7 Rxg7+ 43. Kf4 Rxg2 44. Rc6+ Bxc6 0-1

[Event "Tournoi Skype 016A"]
[Site "Skype"]
[Date "????.??.??"]
[Round "7.18"]
[White "Malbec, Robert"]
[Black "Duthoit, Bernard"]
[Result "0-1"]
[WhiteElo "1525"]
[BlackElo "1476"]
[PlyCount "74"]

1. e4 e6 2. d4 d5 3. Nc3 c5 4. e5 Nc6 5. Nf3 Qb6 6. Bb5 Bd7 7. Bxc6 Bxc6 8. O-O
cxd4 9. Nxd4 Bd7 10. b3 Bc5 11. Be3 Ne7 12. Nce2 O-O 13. c3 Nc6 14. f4 Rab8 15.
Rf3 Nxd4 16. cxd4 Be7 17. Bf2 f6 18. Bh4 Qd8 19. Rh3 fxe5 20. Bxe7 Qxe7 21.
fxe5 Rf7 22. Qc2 g6 23. Qd2 Qf8 24. Rg3 Qg7 25. Nf4 Rbf8 26. Nh5 Qh8 27. Qh6
Bb5 28. Nf6+ Rxf6 29. exf6 Qxf6 30. Rf3 Qxd4+ 31. Qe3 Qxa1+ 32. Kf2 Rxf3+ 33.
Kxf3 Qf6+ 34. Kg3 d4 35. Qd2 Qe5+ 36. Kf2 Qf5+ 37. Kg1 Qf1# 0-1

[Event "Tournoi Skype 016A"]
[Site "Skype"]
[Date "????.??.??"]
[Round "7.20"]
[White "Holtz, Steve"]
[Black "Korkmaz, Serdar"]
[Result "1-0"]
[WhiteElo "1545"]
[BlackElo "1449"]
[PlyCount "61"]

1. d4 Nf6 2. Nf3 e6 3. Nc3 b6 4. Bf4 Bb7 5. g3 c5 6. Bg2 cxd4 7. Qxd4 Bc5 8.
Qd2 d5 9. e3 Ba6 10. O-O-O h6 11. Be5 Nc6 12. Bd4 Qc7 13. Bxc5 bxc5 14. Bf1 Qb7
15. Na4 Ne4 16. Qe1 Rb8 17. b3 c4 18. Nd2 cxb3 19. Nxb3 O-O 20. f3 Bxf1 21.
Rxf1 Qb4 22. Qxb4 Rxb4 23. fxe4 Rxa4 24. exd5 Nb4 25. d6 Rxa2 26. Rf2 Rd8 27.
Kb1 Ra6 28. d7 Rb6 29. c4 Nc6 30. Rb2 Rxd7 31. Rxd7 1-0

[Event "Tournoi Skype 016A"]
[Site "Skype"]
[Date "????.??.??"]
[Round "7.21"]
[White "Aceituno, Stebe"]
[Black "Saponara, Jose Maria"]
[Result "0-1"]
[WhiteElo "1626"]
[BlackElo "1520"]
[PlyCount "56"]

1. e4 c6 2. Nf3 d5 3. Nc3 dxe4 4. Nxe4 Bf5 5. Ng3 Bg6 6. c3 Nf6 7. Be2 e6 8.
O-O Bd3 9. Ne5 Bxe2 10. Qxe2 Bd6 11. d4 Nbd7 12. Bf4 Nd5 13. Qf3 Nxf4 14. Qxf4
f6 15. Rad1 Qe7 16. Rfe1 fxe5 17. dxe5 Rf8 18. Qh4 Qxh4 19. Rxd6 Ke7 20. Ne4
Nxe5 21. Rdd1 Ng4 22. h3 Nxf2 23. Nc5 Nxh3+ 24. gxh3 Qg3+ 25. Kh1 Qxh3+ 26. Kg1
Qg4+ 27. Kh1 Qh5+ 28. Kg2 Qxc5 0-1

[Event "Tournoi Skype 016A"]
[Site "Skype"]
[Date "????.??.??"]
[Round "7.22"]
[White "Rochette, Mathieu"]
[Black "Bendre, Pankaj"]
[Result "1-0"]
[WhiteElo "1516"]
[BlackElo "1570"]
[PlyCount "65"]

1. d4 d5 2. c4 e6 3. Nf3 Nf6 4. Nc3 Bb4 5. Bg5 Nbd7 6. e3 c6 7. Qc2 Qc7 8. Bxf6
Nxf6 9. cxd5 Nxd5 10. Bd3 Bxc3+ 11. bxc3 Nf6 12. O-O O-O 13. e4 h6 14. e5 Nd5
15. Rfe1 c5 16. c4 Nb4 17. Qb3 a5 18. Bb1 Rd8 19. a3 Na6 20. Qd3 cxd4 21. Nxd4
g6 22. Re3 Nc5 23. Qd2 Kg7 24. Rh3 Rh8 25. Qf4 Qe7 26. Bc2 Bd7 27. Rb1 Rad8 28.
Rf3 Be8 29. Ne2 Bc6 30. Rg3 Rdf8 31. Nd4 Bd7 32. Nf3 f6 33. Rxg6+ 1-0

[Event "Tournoi Skype 016A"]
[Site "Skype"]
[Date "????.??.??"]
[Round "7.24"]
[White "Antonic, Nenad"]
[Black "Meaney, Mike"]
[Result "1-0"]
[WhiteElo "1545"]
[BlackElo "1491"]
[PlyCount "63"]

1. d4 Nf6 2. Nf3 e6 3. e3 d5 4. Bd3 c6 5. Nbd2 Nbd7 6. O-O Bd6 7. Re1 O-O 8. b3
e5 9. e4 dxe4 10. Nxe4 Nxe4 11. Bxe4 f5 12. Bd3 e4 13. Bc4+ Kh8 14. Ng5 Nf6 15.
Nf7+ Rxf7 16. Bxf7 Qc7 17. Bc4 Bxh2+ 18. Kf1 Ng4 19. Be2 Nxf2 20. Kxf2 Qg3+ 21.
Kf1 e3 22. Bxe3 Qxe3 23. Bf3 Qg1+ 24. Ke2 Qxe1+ 25. Qxe1 Bd7 26. Qh4 Re8+ 27.
Kd2 Bd6 28. Re1 Rf8 29. d5 cxd5 30. Bxd5 b6 31. Re7 Bxe7 32. Qxe7 1-0

[Event "Tournoi Skype 016A"]
[Site "Skype"]
[Date "????.??.??"]
[Round "7.25"]
[White "Fouquereau, Andre"]
[Black "Vello, Pablo"]
[Result "1-0"]
[WhiteElo "1590"]
[BlackElo "1464"]
[PlyCount "71"]

1. e4 c5 2. Nf3 d6 3. c3 Nf6 4. g3 Nxe4 5. Qa4+ Bd7 6. Qxe4 Bc6 7. Qd3 g6 8.
Bg2 Bg7 9. O-O a6 10. Qc2 Nd7 11. Re1 Ne5 12. Nxe5 Bxg2 13. Kxg2 Bxe5 14. d3
O-O 15. Bh6 Re8 16. Nd2 d5 17. Nf3 Bh8 18. Rad1 d4 19. cxd4 Bxd4 20. Nxd4 Qxd4
21. Be3 Qd5+ 22. Kg1 Rac8 23. a3 Red8 24. Rd2 Rc7 25. b4 b6 26. Bf4 Rcd7 27.
bxc5 Qxc5 28. Qb3 Rc8 29. Qb2 g5 30. Be3 Qc3 31. Qxb6 Qxa3 32. Bxg5 Rc1 33.
Rde2 Rxe1+ 34. Rxe1 Qxd3 35. Bh6 Qg6 36. Qb8+ 1-0

[Event "Tournoi Skype 016A"]
[Site "Skype"]
[Date "????.??.??"]
[Round "7.26"]
[White "Galani, Mahendra"]
[Black "Prasad Singh, Ambika"]
[Result "0-1"]
[WhiteElo "1507"]
[BlackElo "1579"]
[PlyCount "44"]

1. e4 c5 2. c3 Nc6 3. Nf3 d5 4. e5 e6 5. Bb5 Bd7 6. d4 a6 7. Bg5 Qb6 8. Bxc6
Bxc6 9. b3 cxd4 10. Nxd4 Bc5 11. Be3 Ne7 12. b4 Bxd4 13. Bxd4 Qc7 14. Qg4 O-O
15. Nd2 Bb5 16. Nf3 Nf5 17. Bc5 b6 18. Bxf8 Qxc3+ 19. Nd2 Qxe5+ 20. Kd1 Qxa1+
21. Kc2 Rc8+ 22. Kb3 Rc3# 0-1